<?xml version="1.0" encoding="UTF-8"?>
<record
    xmlns:xsi="http://www.w3.org/2001/XMLSchema-instance"
    xsi:schemaLocation="http://www.loc.gov/MARC21/slim http://www.loc.gov/standards/marcxml/schema/MARC21slim.xsd"
    xmlns="http://www.loc.gov/MARC21/slim">

  <leader>00769cam9a220021700 4500</leader>
  <controlfield tag="001">tmp15210195</controlfield>
  <controlfield tag="003">UPRA</controlfield>
  <controlfield tag="005">20190823110859.0</controlfield>
  <controlfield tag="008">950717n        ua                  eng u</controlfield>
  <datafield tag="035" ind1=" " ind2=" ">
    <subfield code="a">(Sirsi) r100609</subfield>
  </datafield>
  <datafield tag="035" ind1=" " ind2=" ">
    <subfield code="a">(UPRA)tmp15210195</subfield>
  </datafield>
  <datafield tag="040" ind1=" " ind2=" ">
    <subfield code="c">UPRA</subfield>
  </datafield>
  <datafield tag="100" ind1="2" ind2=" ">
    <subfield code="a">Al-Khatib, Abdel Kerim.</subfield>
    <subfield code="6">A58862.1</subfield>
  </datafield>
  <datafield tag="245" ind1="1" ind2="0">
    <subfield code="a">Introduction to Islam /</subfield>
    <subfield code="c">tr. by Ismail Kashmiri ; rev. by Dr. Badawi Abdel Latif.</subfield>
  </datafield>
  <datafield tag="260" ind1=" " ind2=" ">
    <subfield code="a">[Cairo] :</subfield>
    <subfield code="b">Supreme Council for Islamic Affairs.</subfield>
  </datafield>
  <datafield tag="440" ind1=" " ind2="0">
    <subfield code="a">Studies in Islam series</subfield>
    <subfield code="6">S9619.1</subfield>
  </datafield>
  <datafield tag="650" ind1=" " ind2="0">
    <subfield code="a">Islam -- Handbooks, manuals, etc.</subfield>
    <subfield code="x">Islam -- Handbooks, manuals, etc.</subfield>
    <subfield code="6">S45280.1</subfield>
  </datafield>
  <datafield tag="949" ind1=" " ind2=" ">
    <subfield code="a">BP161.2</subfield>
    <subfield code="w">lcc</subfield>
    <subfield code="i">-143400</subfield>
    <subfield code="m">MAIN</subfield>
    <subfield code="t">BOOK</subfield>
    <subfield code="l">ON-SHELF</subfield>
  </datafield>
  <datafield tag="949" ind1=" " ind2=" ">
    <subfield code="a">BP161.2</subfield>
    <subfield code="w">lcc</subfield>
    <subfield code="i">33729005760330</subfield>
    <subfield code="m">MAIN</subfield>
    <subfield code="t">BOOK</subfield>
    <subfield code="l">ON-SHELF</subfield>
  </datafield>
  <controlfield tag="004">100609</controlfield>
  <datafield tag="999" ind1=" " ind2=" ">
    <subfield code="c">151791</subfield>
    <subfield code="d">151790</subfield>
  </datafield>
  <datafield tag="952" ind1=" " ind2=" ">
    <subfield code="0">0</subfield>
    <subfield code="1">0</subfield>
    <subfield code="2">lcc</subfield>
    <subfield code="4">0</subfield>
    <subfield code="7">0</subfield>
    <subfield code="a">MAIN</subfield>
    <subfield code="b">MAIN</subfield>
    <subfield code="c">ON-SHELF</subfield>
    <subfield code="l">0</subfield>
    <subfield code="o">BP161.2</subfield>
    <subfield code="p">33729005761932</subfield>
    <subfield code="r">2019-08-23 00:00:00</subfield>
    <subfield code="t">1</subfield>
    <subfield code="w">2019-08-23</subfield>
    <subfield code="y">BOOK</subfield>
  </datafield>
  <datafield tag="952" ind1=" " ind2=" ">
    <subfield code="0">0</subfield>
    <subfield code="1">0</subfield>
    <subfield code="2">lcc</subfield>
    <subfield code="4">0</subfield>
    <subfield code="7">0</subfield>
    <subfield code="a">MAIN</subfield>
    <subfield code="b">MAIN</subfield>
    <subfield code="c">ON-SHELF</subfield>
    <subfield code="l">0</subfield>
    <subfield code="o">BP161.2</subfield>
    <subfield code="p">33729005760330</subfield>
    <subfield code="r">2019-08-23 00:00:00</subfield>
    <subfield code="t">2</subfield>
    <subfield code="w">2019-08-23</subfield>
    <subfield code="y">BOOK</subfield>
  </datafield>
</record>
